[Event "AUTO-OPEN-3378"]
[Site "http://www.queenalice.com/game.php?id=1321173"]
[Date "2014.11.9"]
[Round "1"]
[White "NPS_NICOLEKHOR"]
[Black "WeirdGoblin"]
[Result "0-1"]
[WhiteElo "1206"]
[BlackElo "2248"]

1. d4 Nf6 2. Bf4 c6 3. Nf3 Qb6 4. c3 Qxb2 5. Bc1 Qb6 6. Nbd2 d5 7. Rb1 Qc7 8. e3
Bf5 9. Rb4 e6 10. Be2 Bxb4 11. cxb4 O-O 12. O-O Nbd7 13. Bb2 h6 14. Ne5 Nxe5 0-1

[Event "AUTO-OPEN-3378"]
[Site "http://www.queenalice.com/game.php?id=1321184"]
[Date "2014.11.9"]
[Round "1"]
[White "TheAvenger"]
[Black "NPS_NICOLEKHOR"]
[Result "0-1"]
[WhiteElo "1525"]
[BlackElo "1158"]

1. e4 e5 2. f4 exf4 3. Bc4 Bc5 4. d4 Bd6 5. e5 Bb4+ 6. c3 Ba5 7. Bxf4 d5 8. exd6
cxd6 9. Qe2+ Ne7 10. Bg5 f6 0-1

[Event "AUTO-INT-2921"]
[Site "http://www.queenalice.com/game.php?id=1321459"]
[Date "2014.11.10"]
[Round "1"]
[White "NPS_NICOLEKHOR"]
[Black "jarkus"]
[Result "0-1"]
[WhiteElo "1227"]
[BlackElo "1710"]

1. d4 d6 2. Bf4 Nc6 3. e3 e5 4. Bg3 Nf6 5. c3 exd4 6. exd4 Be7 7. Bf4 O-O 8. Bd3
Re8 9. Nf3 Bf8+ 10. Kf1 Nd5 11. Bg5 Be7 12. Bxe7 Rxe7 0-1

[Event "AUTO-INT-2921"]
[Site "http://www.queenalice.com/game.php?id=1321460"]
[Date "2014.11.10"]
[Round "1"]
[White "jarkus"]
[Black "NPS_NICOLEKHOR"]
[Result "1-0"]
[WhiteElo "1708"]
[BlackElo "1227"]

1. e4 e5 2. Nf3 f6 3. d4 Nc6 4. d5 Nb8 5. Bb5 c6 6. dxc6 bxc6 7. Ba4 Qa5+ 8. Nc3
Nh6 9. O-O Na6 10. Bd2 Qc5 11. Be3 Qd6 12. Bb3 1-0

[Event "AUTO-INT-2921"]
[Site "http://www.queenalice.com/game.php?id=1321461"]
[Date "2014.11.10"]
[Round "1"]
[White "NPS_NICOLEKHOR"]
[Black "NPSchanIsaac"]
[Result "0-1"]
[WhiteElo "1196"]
[BlackElo "1188"]

1. d4 d5 2. Bf4 Bf5 3. Nf3 Nf6 4. Nbd2 Nbd7 5. e3 e6 6. c3 c6 7. Ne5 Nxe5 8.
dxe5 Ng4 9. Be2 Qb8 10. O-O b5 11. Bxg4 b4 12. Bxf5 exf5 13. Nf3 bxc3 14. bxc3
f6 15. Rb1 Qc7 16. Rb3 Rb8 17. e6 Rxb3 18. Qxb3 Bd6 19. Bxd6 Qxd6 20. Qb7 Qxe6
21. Qb8+ Kf7 22. Qxh8 Kg6 23. Qf8 d4 24. Qa8 dxc3 25. Qxa7 c2 26. Nd4 Qc4 27.
Rc1 Qc3 28. h3 Qd2 29. Rxc2 Qe1+ 30. Kh2 h6 31. g4 fxg4 32. hxg4 Qb4 33. a3 Qd6+
34. Kh3 h5 35. Rxc6 Qe5 36. Qc5 Qe4 37. Qf5+ Qxf5 38. gxf5+ Kg5 39. Rc7 g6 0-1

[Event "AUTO-INT-2921"]
[Site "http://www.queenalice.com/game.php?id=1321462"]
[Date "2014.11.10"]
[Round "1"]
[White "NPSchanIsaac"]
[Black "NPS_NICOLEKHOR"]
[Result "1-0"]
[WhiteElo "1242"]
[BlackElo "1180"]

1. d4 d5 2. Nc3 Bf5 3. f3 c6 4. g4 Bc8 5. e4 dxe4 6. fxe4 Nf6 7. g5 Ng8 8. Bh3
Bxh3 9. Nxh3 e6 10. d5 cxd5 11. exd5 exd5 12. Qe2+ Be7 13. Qb5+ Nd7 14. Nxd5 a6
15. Qxb7 Bd6 16. Bf4 Bxf4 17. Nhxf4 Rb8 18. Nc7+ Kf8 19. Qc6 Rb6 20. Nce6+ Ke8
21. Nxd8 Rxc6 22. Nxc6 Nc5 23. O-O Kd7 24. Nb8+ Kc7 25. b4 1-0

[Event "AUTO-INT-2921"]
[Site "http://www.queenalice.com/game.php?id=1321463"]
[Date "2014.11.10"]
[Round "1"]
[White "NPS_NICOLEKHOR"]
[Black "elisangela"]
[Result "0-1"]
[WhiteElo "1216"]
[BlackElo "1873"]

1. d4 e6 2. Bf4 h6 3. Nf3 g5 4. Be5 f6 5. Bg3 h5 6. e3 h4 7. Nxh4 gxh4 8. Bf4
Ne7 9. Bd3 c6 10. c3 f5 11. O-O Ng6 12. Nd2 Nxf4 13. exf4 d5 0-1

[Event "AUTO-INT-2921"]
[Site "http://www.queenalice.com/game.php?id=1321464"]
[Date "2014.11.10"]
[Round "1"]
[White "elisangela"]
[Black "NPS_NICOLEKHOR"]
[Result "0-1"]
[WhiteElo "1859"]
[BlackElo "1227"]

1. e3 d5 2. h3 Nf6 3. a3 Bf5 4. g4 Be4 5. f3 Bg6 6. f4 Nc6 7. f5 Ne4 8. fxg6
fxg6 9. Ne2 e6 10. c3 Qh4+ 11. Ng3 Qxg3+ 12. Ke2 Ne5 13. d4 Qf3+ 0-1

[Event "AUTO-OPEN-3379"]
[Site "http://www.queenalice.com/game.php?id=1321536"]
[Date "2014.11.10"]
[Round "1"]
[White "NPS_NICOLEKHOR"]
[Black "Danado"]
[Result "0-1"]
[WhiteElo "1227"]
[BlackElo "1723"]

1. d4 h6 2. Bf4 a6 3. Nf3 Nc6 4. c3 d5 5. e3 Bg4 6. Bd3 Bxf3 7. gxf3 e6 8. Rg1
Bd6 9. Bxd6 Qxd6 10. Rh1 e5 11. dxe5 Nxe5 12. Bf1 O-O-O 13. e4 dxe4 14. Nd2
Nxf3+ 15. Nxf3 Qxd1+ 16. Rxd1 Rxd1+ 0-1

[Event "AUTO-OPEN-3379"]
[Site "http://www.queenalice.com/game.php?id=1321538"]
[Date "2014.11.10"]
[Round "1"]
[White "NPS_NICOLEKHOR"]
[Black "Eggchaser"]
[Result "0-1"]
[WhiteElo "1166"]
[BlackElo "1870"]

1. d4 Nf6 2. Bf4 d6 3. e3 g6 4. c3 Bg7 5. Nd2 O-O 6. Bd3 Nbd7 7. Ne2 c5 8. Be4
Nxe4 9. Nxe4 cxd4 10. cxd4 Nf6 11. Nxf6+ Bxf6 12. h3 Bd7 13. Rg1 Rc8 14. Rc1
Qa5+ 15. Kf1 Bb5 16. Rxc8 Rxc8 17. Qe1 Qa6 18. Rh1 Rc2 0-1

[Event "AUTO-BEG-618"]
[Site "http://www.queenalice.com/game.php?id=1321654"]
[Date "2014.11.11"]
[Round "1"]
[White "NPS_NICOLEKHOR"]
[Black "gmvitinho"]
[Result "0-1"]
[WhiteElo "1216"]
[BlackElo "1638"]

1. d4 Nf6 2. Bf4 g6 3. Nd2 d6 4. e3 Bg7 5. Bd3 O-O 6. e4 Re8 7. Ngf3 Nbd7 8. Bb5
a6 9. Bc4 e5 10. Be3 Ng4 11. O-O Nxe3 12. fxe3 Nf8 13. h4 Bg4 14. Qe2 Bxf3 0-1

[Event "AUTO-BEG-618"]
[Site "http://www.queenalice.com/game.php?id=1321655"]
[Date "2014.11.11"]
[Round "1"]
[White "gmvitinho"]
[Black "NPS_NICOLEKHOR"]
[Result "1-0"]
[WhiteElo "1638"]
[BlackElo "1216"]

1. d4 d5 2. Nf3 Bf5 3. Bf4 Nf6 4. h3 Nc6 5. e3 e6 6. Bd3 Bxd3 7. Qxd3 Nb4 8.
Qb5+ Qd7 9. Qxb7 Qc8 10. Qxc7 Qxc7 11. Bxc7 Nxc2+ 12. Kd2 Nxa1 13. Nc3 h6 14.
Rxa1 Ne4+ 15. Nxe4 1-0